00546nam a2200205 a 4500001001300000003000900013005001700022008004100039020002300080082001700103100002200120245005100142260003200193300000900225500003500234505001000269650002100279650001800300700002200318nice12345678IN_TiNIC20260116013607.0050524s1994 dela grp 000 0 eng  a0670505 c19500a891.433bRAH aRahi, Masoom Raza aFeuding Families of Village of Village Ganguli aDelhibPenguin Books c1994 a354p aincludes index and biblioraphy2 aIndex aLiterature-Hindi aHindi-Fiction1 aRahi, Masoom Raza